Návrh opatrení pre zdokonalenie systému skladovej logistiky v Danfoss Bauer, s.r.o. Zlaté Moravce = The Bid of arguments for development of method of stock logistics in Danfoss Bauer, ltd. Zlaté Moravce : Bakalárska práca

Enregistré dans:
Détails bibliographiques
Auteur principal: Gutman, Michal (Auteur)
Autres auteurs: Trenčan, Branislav, 1982- (xxx)
Format: Manuscrit Livre
Langue:slovaque
Publié: Trnava : STU v Bratislave MTF UPMK, 2007
Sujets:
Tags: Ajouter un tag
Pas de tags, Soyez le premier à ajouter un tag!

MARC

LEADER 00000ntm a22000003a 4500
001 stu146549
005 20160719155658.0
008 071011s2007----xo------------------slo-d
040 |a STU  |b slo 
041 0 |a slo 
044 |a xo 
100 1 |a Gutman, Michal  |4 aut 
245 1 |a Návrh opatrení pre zdokonalenie systému skladovej logistiky v Danfoss Bauer, s.r.o. Zlaté Moravce = The Bid of arguments for development of method of stock logistics in Danfoss Bauer, ltd. Zlaté Moravce :  |b Bakalárska práca 
260 |a Trnava :  |b STU v Bratislave MTF UPMK,  |c 2007 
300 |a 54 s  |c príl., 1 CD-ROM 
500 |a Odbor: priemyselné inžinierstvo a manažment 
650 7 |a logistika  |2 stusub 
700 1 |a Trenčan, Branislav,  |d 1982-  |4 xxx  |u M190  |U MTF Materiálovotechnologická fakulta  |T MTF Katedra priemyselného inžinierstva a manažmentu  |X 16884  |U M190  |Y 167  |7 A000016884 
996 |b 284M066261  |c M*BP-2732  |l MMSKP  |s P  |a 0  |w stu146549_0001